000 00680cam a2200241 a 4500
001 000003424
003 DO-SdBNP
005 20220808140343.0
007 ta
008 751121s1970 ve 001 0 spa
040 _aDO-SdBNP
_bspa
_cBNPHU
082 4 _a987
_bO39g
_222
100 1 _aOjeda, Fabricio,
_d1929-1966
_910675
245 1 3 _aLa guerra del pueblo /
_cFabricio Ojeda.
260 _aCaracas :
_bDomingo Fuentes,
_c1970.
300 _a165 p. ;
_c19 cm.
490 0 _aRenovación crítica
590 _aInventariado, 2022 / DG
651 4 _aVenezuela
_xPolítica y gobierno
_y1935-
_910676
830 0 _aRenovación crítica.
_910677
910 _aDG
942 _2ddc
_cLBS1
999 _c3254
_d3254